[Event "Aeskulap op 14th"]
[Site "Goerlitz"]
[Date "1997.03.27"]
[Round "3"]
[White "Kiesslich, Bernd Juergen"]
[Black "Schuster, Hans Juergen"]
[Result "1-0"]
[WhiteElo "1883"]
[BlackElo "1733"]
[PlyCount "93"]
[EventDate "1997.03.26"]
[EventType "swiss"]
[EventRounds "7"]
[EventCountry "GER"]
[SourceTitle "EXT 2009"]
[Source "ChessBase"]
[SourceDate "2008.11.26"]
[SourceVersion "1"]
[SourceVersionDate "2008.11.26"]
[SourceQuality "1"]

1. d4 d5 2. c4 e6 3. Nc3 Nf6 4. Bg5 Be7 5. e3 Nbd7 6. Qc2 b6 7. cxd5 exd5 8. Nf3 Bb7 9. Be2 a6 10. 0-0 0-0 11. Nd2 h6 12. Bf4 Re8 13. Bf3 Nf8 14. Rac1 Ne6 15. Be5 Ra7 16. Qa4 Qa8 17. Ne2 c5 18. Nf4 Bc6 19. Qc2 Ng5 20. dxc5 Nxf3+ 21. Nxf3 bxc5 22. Bxf6 gxf6 23. Qf5 Qc8 24. Qh5 Bf8 25. Nxd5 Qe6 26. Nf4 Bxf3 27. Qxf3 Qe5 28. Nh5 Re6 29. b3 Kh7 30. Nf4 Rae7 31. Qd1 Qf5 32. Qd3 Re5 33. Qxf5+ Rxf5 34. Rfd1 Rfe5 35. Rd5 Rc7 36. Kf1 Kg7 37. Ke2 a5 38. Rd8 Ra7 39. Rc4 Be7 40. Rc8 Rg5 41. g3 Rb7 42. Nd3 Rb5 43. h4 Rh5 44. Rg4+ Kh7 45. Rcg8 Rg5 46. hxg5 Kxg8 47. gxf6+ 1-0

[Event "Aeskulap op 14th"]
[Site "Goerlitz"]
[Date "1997.03.27"]
[Round "2"]
[White "Schuster, Hans Juergen"]
[Black "Kadner, Andreas"]
[Result "1-0"]
[WhiteElo "1733"]
[BlackElo "1469"]
[PlyCount "49"]
[EventDate "1997.03.26"]
[EventType "swiss"]
[EventRounds "7"]
[EventCountry "GER"]
[SourceTitle "EXT 2009"]
[Source "ChessBase"]
[SourceDate "2008.11.26"]
[SourceVersion "1"]
[SourceVersionDate "2008.11.26"]
[SourceQuality "1"]

1. Nf3 c5 2. e3 Nc6 3. Be2 d5 4. d4 Nf6 5. b3 Bf5 6. Bb2 e6 7. Nh4 Ne4 8. Nxf5 exf5 9. 0-0 Bd6 10. dxc5 Bxc5 11. Nd2 Ng5 12. Nf3 Ne4 13. Qd3 0-0 14. a3 Qd6 15. Rfd1 Rad8 16. Qb5 Rd7 17. b4 Bb6 18. c4 Bc7 19. Rxd5 Qe6 20. Rxd7 Qxd7 21. Rd1 Qe6 22. Qxb7 Rc8 23. b5 Ne7 24. Qxc7 Nd6 25. Qxd6 1-0